Advanced Accounting (Record no. 1461)

MARC details
005 - DATE AND TIME OF LATEST TRANSACTION
control field 20250415122737.0
020 ## - INTERNATIONAL STANDARD BOOK NUMBER
International Standard Book Number 07-041432-7
082 ## - DEWEY DECIMAL CLASSIFICATION NUMBER
Classification number 657.046 MEI
100 ## - MAIN ENTRY--PERSONAL NAME
Author name MEIGS, W .B.
245 ## - TITLE STATEMENT
Title Advanced Accounting
260 ## - PUBLICATION, DISTRIBUTION, ETC.
Place of publication, distribution, etc. New York,
Name of publisher, distributor, etc. McGraw- Hill,
Date of publication, distribution, etc. 1966.
300 ## - PHYSICAL DESCRIPTION
Extent xvii, 941p.: ill.; table,
Other physical details index,
Dimensions 24cm.
700 ## - ADDED ENTRY--PERSONAL NAME
Other authors/Editors JOHNSON, C . E. & KELLER , T . F.
942 ## - ADDED ENTRY ELEMENTS (KOHA)
Source of classification or shelving scheme Dewey Decimal Classification
Koha item type Books
Holdings
Date last seen Total checkouts Full call number Barcode Cost, replacement price Price effective from Koha item type Lost status Source of classification or shelving scheme Damaged status Not for loan Withdrawn status Home library Current library Shelving location Date acquired Cost, normal purchase price
04/15/2025   657.046 MEI 0000005488 35055.00 04/15/2025 Books   Dewey Decimal Classification       College of Business Education Main Library College of Business Education Main Library General Collection 04/15/2025 11685.00
04/15/2025   657.046 MEI 0000005489 35055.00 04/15/2025 Books   Dewey Decimal Classification       College of Business Education Main Library College of Business Education Main Library General Collection 04/15/2025 11685.00